000 01224nam a22003377a 4500
001 359
003 FISKH
005 20231122075200.0
008 230329b cb ||||| |||| 00| 0 eng d
020 _a9780545436441
020 _a9781338030686
040 _aDLC
_cDLC
_dDLC
_dFISKH
_beng
042 _alcac
050 0 0 _aPZ7.H31365
_bMe 2011
082 0 0 _a813.6
_222
100 1 _aHaworth, Danette.
245 1 0 _aMe & Jack /
_cDanette Haworth.
260 _aNew York :
_bWalker,
_c2011.
300 _a104 pages ;
_c20 cm
505 _aN
520 _aDuring the Vietnam War, when twelve-year-old Josh and his Air Force recruiter father move to a small town in the mountains of Pennsylvania and get a dog from the local shelter, Josh is forced to stop hanging back, and takes on the unfriendly town residents, a mountain, and the meanest boy in school.
521 8 _a550
_bLexile
521 8 _aN
_bRaz-Plus
650 1 _aDogs
_vFiction.
650 1 _aBullies and bullying
_vFiction.
650 1 _aCountry life
_zPennsylvania
_vFiction.
650 1 _aSchools
_vFiction.
651 1 _aPennsylvania
_xHistory
_y20th century
_vFiction.
906 _a7
_bcbc
_corignew
_d1
_eecip
_f20
_gy-gencatlg
942 _2ddc
_cBK
_n0
999 _c359
_d359